[Event "Tan Chin Nam Cup 5th"]
[Site "Shenyang"]
[Date "1999.07.10"]
[Round "3"]
[White "Ye Jiangchuan"]
[Black "Zhu Chen"]
[Result "1/2-1/2"]
[WhiteElo "2593"]
[BlackElo "2503"]

1.e4 c5 2.Nf3 d6 3.d4 cxd4 4.Nxd4 Nf6 5.Nc3 a6 6.Rg1 g6 7.g4 b5 8.g5 Nfd7
9.a4 bxa4 10.Rxa4 Bb7 11.Ra3 Bg7 12.Rg3 O-O 13.h4 Nc5 14.Bg2 Nc6 15.Nxc6 Bxc6
16.b4 Nd7 17.h5 Qb6 18.Rb3 Qb7 19.Nd5 Rae8 20.Bb2 Bxb2 21.Rxb2 Nb6 22.Kf1 Nxd5
23.exd5 Bb5+ 24.Kg1 Qa7 25.Rbb3 e5 26.dxe6 fxe6 27.Rbf3 Rxf3 28.Rxf3 Bc6
29.Rf6 Bxg2 30.Kxg2 Qb7+ 31.Kg1 Qb5 32.Qg4 gxh5 33.Qxh5 Re7 34.Kh2 Qe5+ 35.Kh3 Qd5
36.Qf3 Qxf3+ 37.Rxf3 Rb7 38.c3 Rb5 39.Rd3 d5 40.Kg4 a5 41.bxa5 Rxa5 42.Kf4 d4
43.cxd4 Rf5+ 44.Ke4 Rxg5 45.f4 Rh5  1/2-1/2

[Event "Tan Chin Nam Cup 5th"]
[Site "Shenyang"]
[Date "1999.07.11"]
[Round "4"]
[White "Zhu Chen"]
[Black "Krasenkow, Michal"]
[Result "0-1"]
[WhiteElo "2503"]
[BlackElo "2647"]

1.d4 Nf6 2.Nf3 g6 3.c4 Bg7 4.Nc3 d5 5.Qb3 dxc4 6.Qxc4 O-O 7.e4 Na6 8.Be2 c5
9.d5 e6 10.O-O exd5 11.exd5 Re8 12.Rd1 Qb6 13.Qh4 Nb4 14.Bg5 Rxe2 15.Nxe2 Nbxd5
16.Rd2 Be6 17.Rad1 Re8 18.h3 Qc6 19.Ne5 Qc7 20.Nc4 h5 21.Nf4 b5 22.Bxf6 Qxf4
23.Qxf4 Nxf4 24.Rd8 Rxd8 25.Rxd8+ Kh7 26.Bxg7 Kxg7 27.Nd6 b4 28.a4 c4 29.Ne4 Nd3
30.b3 Bf5 31.Ng3 c3 32.Nxf5+ gxf5 33.Rc8 Nc1 34.Kf1 Nxb3 35.Ke2 c2  0-1

[Event "Tan Chin Nam Cup 5th"]
[Site "Shenyang"]
[Date "1999.07.14"]
[Round "6"]
[White "Zhu Chen"]
[Black "Dreev, Alexey"]
[Result "0-1"]
[WhiteElo "2503"]
[BlackElo "2679"]

1.d4 d5 2.c4 c6 3.Nf3 Nf6 4.Nc3 e6 5.Bg5 h6 6.Bh4 dxc4 7.e4 g5 8.Bg3 b5 9.Be2 Nbd7
10.d5 Bb7 11.dxe6 fxe6 12.Nd4 Nc5 13.e5 Nd5 14.O-O Qb6 15.Bh5+ Kd7 16.Qg4 Rh7
17.Rad1 Rd8 18.h4 Rg7 19.Ne4 Bc8 20.Nxc5+ Bxc5 21.Qxe6+ Kc7 22.Qxh6 Re7 23.Nf3 Bf5
24.Nxg5 Kb7 25.Bg6 Bg4 26.Rde1 c3 27.bxc3 Nxc3 28.Bh5 Bf5 29.Nf7 Rg8 30.Kh2 Bd3
31.Rh1 Bxf2 32.Ng5 Rh7 33.Qf6 Bxe1 34.Rxe1 Nd5 35.Nxh7 Nxf6 36.Nxf6 Rh8 37.e6 Qd4
38.Re5 Bg6 39.e7 Bxh5 40.Nxh5 Qg4 41.e8=Q Rxe8 42.Rxe8 Qxh5 43.Re5 Qh7 44.h5 a5
45.Bf4 a4 46.a3 b4 47.axb4 a3 48.Ra5 Qe4  0-1

[Event "Tan Chin Nam Cup 5th"]
[Site "Shenyang"]
[Date "1999.07.15"]
[Round "7"]
[White "Bu Xiangzhi"]
[Black "Zhu Chen"]
[Result "1-0"]
[WhiteElo "2465"]
[BlackElo "2503"]

1.c4 Nf6 2.Nc3 e5 3.g3 d5 4.cxd5 Nxd5 5.Bg2 Nb6 6.Nf3 Nc6 7.d3 Be7 8.O-O O-O
9.Be3 Re8 10.Rc1 Bf8 11.Na4 Nd5 12.Bc5 Bxc5 13.Rxc5 Nf6 14.Nd2 Nd4 15.e3 Ne6
16.Rxe5 Qxd3 17.Ne4 Qxd1 18.Rxd1 Rb8 19.Nac3 Nd7 20.Rh5 Nb6 21.a4 h6 22.h3 a6
23.Kh2 Nf8 24.a5 Na8 25.Nc5 Ne6 26.N3a4 c6 27.Rh4 Nac7 28.Rb4 Nb5 29.Rb3 Nf8
30.Rbd3 Be6 31.Nb6 f5 32.f4 Nc7 33.Bf3 Bf7 34.Ncd7 Nxd7 35.Nxd7 Rbc8 36.Nb6 Rb8
37.Kg2 Nd5 38.Nxd5 Bxd5 39.Bxd5+ cxd5 40.Kf2 b6 41.b4 bxa5 42.bxa5 Kf7 43.Rxd5 Kf6
44.g4 g6 45.gxf5 gxf5 46.Rc1 Rb2+ 47.Kf3 Rb3 48.Rc6+ Kg7 49.Re5 Rxe5 50.fxe5 Rb5
51.Kf4 Rxa5 52.Kxf5 Ra3 53.Rc7+ Kg8 54.Kg6 Kf8 55.Kf6 Kg8 56.e6 Rxe3 57.Rc8+  1-0

[Event "Flamenco Veterans-Women"]
[Site "Marbella"]
[Date "1999.10.22"]
[Round "2"]
[White "Zhu Chen"]
[Black "Kortschnoj, Viktor"]
[Result "0-1"]
[WhiteElo "2503"]
[BlackElo "2676"]

1.Nf3 d5 2.d4 e6 3.g3 c5 4.Bg2 Nc6 5.O-O Qb6 6.dxc5 Bxc5 7.Nc3 Bb4 8.e4 d4
9.Ne2 e5 10.c3 dxc3 11.Nxc3 Bxc3 12.bxc3 Be6 13.Qa4 f6 14.Nd2 Ne7 15.Ba3 Qa5
16.Qxa5 Nxa5 17.f4 Nec6 18.fxe5 Nxe5 19.Nf3 Nac4 20.Bc5 b6 21.Bd4 Rc8 22.Rf2 O-O
23.h3 Nc6 24.Bf1 Rfe8 25.Re1 Nd6 26.Rd2 Nxd4 27.cxd4 Rc3 28.Kf2 Bf5 29.exf5 Rxf3+
30.Kxf3 Rxe1 31.Bd3 Kf8 32.Rc2 Ke8 33.Rc7 Re7 34.Rxe7+ Kxe7 35.Ke3 Kd7 36.d5 b5
37.Kd4 Kc7 38.Kc5 a6 39.g4 Nb7+ 40.Kd4 Kd6 41.Bf1 Nc5 42.Be2 Nd7 43.Bd1 Nb6
44.Bb3 Na8 45.a3 Nc7 46.Ba2 a5 47.Bb3 a4 48.Ba2 h6 49.h4 Na6 50.Bb1 b4 51.Kc4 bxa3
52.Ba2 Nc7 53.Kd4 Na8 54.Kc4 Nb6+ 55.Kd4 Nd7 56.h5 Ne5 57.Bb1 Nxg4 58.Ba2 Ne5
59.Bb1 Nd7  0-1

[Event "Flamenco Veterans-Women"]
[Site "Marbella"]
[Date "1999.10.23"]
[Round "3"]
[White "Spassky, Boris V"]
[Black "Zhu Chen"]
[Result "1/2-1/2"]
[WhiteElo "2549"]
[BlackElo "2503"]

1.e4 c5 2.Nf3 d6 3.g3 Nf6 4.d3 g6 5.Bg2 Bg7 6.O-O O-O 7.Re1 Nc6 8.c3 e5 9.Nbd2 Ne8
10.Nc4 Nc7 11.a4 f5 12.b4 cxb4 13.cxb4 fxe4 14.dxe4 Bg4 15.Ra3 Nd4 16.h3 Bxf3
17.Bxf3 Qf6 18.Bg2 Qxf2+ 19.Kh1 Qc2 20.Ne3 Qxd1 21.Rxd1 Rac8 22.Rc3 Nce6
23.Bd2 Rxc3 24.Bxc3 Rf2 25.Rf1 Rxf1+ 26.Bxf1 Kf8 27.h4 Nc7 28.b5 Nde6 29.Bb4 Nc5
30.Nc4 Ke7 31.Bxc5 dxc5 32.Na5 b6 33.Nc6+ Kd6 34.Nxa7 Ne8 35.Kg2 Kc7 36.Kf3 Nd6
37.Nc6 Bf6 38.Ke3 Nc8 39.Bc4 Ne7 40.Nxe7 Bxe7 41.Kf3 Kd7 42.Bg8 Ke8 43.Ke2 h6
44.Kd3 Kd7 45.Bf7 g5 46.h5 Bd8  1/2-1/2

[Event "Flamenco Veterans-Women"]
[Site "Marbella"]
[Date "1999.10.26"]
[Round "5"]
[White "Hort, Vlastimil"]
[Black "Zhu Chen"]
[Result "1-0"]
[WhiteElo "2535"]
[BlackElo "2503"]

1.e4 c5 2.c3 d5 3.exd5 Qxd5 4.d4 Nf6 5.Nf3 Bg4 6.Be2 e6 7.Na3 Be7 8.h3 Bh5
9.Nb5 Na6 10.c4 Qd8 11.O-O O-O 12.Be3 Qa5 13.a3 Qb6 14.Ne5 Bxe2 15.Qxe2 Nc7
16.dxc5 Bxc5 17.Bg5 Rfd8 18.Ng4 Nce8 19.b4 Be7 20.Be3 Qa6 21.Ne5 Nd7 22.Nxd7 Rxd7
23.Rad1 Rdd8 24.Rxd8 Bxd8 25.Rd1 Bb6 26.Bf4 Qa4 27.c5 Bd8 28.Rd7 a6 29.Qd3 Qxb5
30.Rxd8 Qxd3 31.Rxd3 Nf6 32.Rd6 Re8 33.Be5 Nd5 34.Rd7 f6 35.Bd6 Rc8 36.Rxb7 h5
37.h4 Rc6 38.Rb8+ Kf7 39.a4 e5 40.b5 axb5 41.axb5 Rxd6 42.cxd6 Ke6 43.Rg8 Kxd6
44.Rxg7 Kc5 45.g4  1-0

[Event "Flamenco Veterans-Women"]
[Site "Marbella"]
[Date "1999.10.27"]
[Round "6"]
[White "Zhu Chen"]
[Black "Smyslov, Vassily"]
[Result "1-0"]
[WhiteElo "2503"]
[BlackElo "2485"]

1.d4 d5 2.c4 c6 3.e3 Nf6 4.Nc3 g6 5.Nf3 Bg7 6.b4 O-O 7.Bb2 Bg4 8.Qb3 Bxf3
9.gxf3 dxc4 10.Qxc4 b5 11.Qb3 a5 12.bxa5 Qxa5 13.Bg2 Nbd7 14.O-O Rab8 15.Rab1 c5
16.Nd5 Nxd5 17.Qxd5 Qa7 18.dxc5 e6 19.Qd6 Bxb2 20.Rxb2 Nxc5 21.Rc1 Na4 22.Rbc2 b4
23.Rc7 Qb6 24.R1c6 Qb5 25.Qf4 Nc3 26.Bf1 Qf5 27.Qxf5 gxf5 28.Bc4 Rfd8 29.Ra6 Rbc8
30.Rxc8 Rxc8 31.Bb3 Ne2+ 32.Kf1 Nc1 33.Ra4 Rb8 34.f4 Kg7 35.Ra7 Kf6 36.Rc7 Nxb3
37.axb3 h5 38.Ke2 h4 39.Kf3 Rg8 40.h3 Rb8 41.Rc4 Ke7 42.Rd4 Rb7 43.Ke2 Rb8
44.Kd3 Rg8 45.Rxb4 Rg1 46.Rb7+ Kf6 47.Ke2 Rb1 48.Kf3 Rb2 49.Rb8 Kg7 50.b4 Kf6
51.b5 Ke7 52.b6 Kf6 53.Kg2 Rb1 54.f3 Rb2+ 55.Kf1 Rh2 56.Rc8 Rb2 57.Rc6 Ke7
58.Rc7+ Kd6 59.Rxf7 Rxb6 60.Rh7 Rb1+ 61.Ke2 Rb2+ 62.Kd3 Rf2 63.Rxh4 Rxf3
64.Ke2 Rg3 65.Kf2 Rg8 66.Rh7 Rf8 67.h4 e5 68.Rh6+ Kd5 69.Kf3 e4+ 70.Kf2 Ra8
71.Rf6 Ra2+ 72.Kg3 Re2 73.Rxf5+ Kd6 74.Re5 Rxe3+ 75.Kg4 Re1 76.Kf5 e3 77.h5 e2
78.h6 Rh1 79.Rxe2 Rxh6 80.Kg5 Rh8 81.f5 Rg8+ 82.Kf6 Rf8+ 83.Kg6 Rg8+ 84.Kf7 Rg1
85.f6 Kd7 86.Rd2+ Kc7 87.Ke7 Re1+ 88.Kf8 Rf1 89.f7 Rg1 90.Rd4 Rg2 91.Ke7  1-0

[Event "Flamenco Veterans-Women"]
[Site "Marbella"]
[Date "1999.10.29"]
[Round "7"]
[White "Kortschnoj, Viktor"]
[Black "Zhu Chen"]
[Result "1-0"]
[WhiteElo "2676"]
[BlackElo "2503"]

1.d4 d5 2.c4 c6 3.Nc3 Nf6 4.e3 e6 5.Nf3 Nbd7 6.Bd3 dxc4 7.Bxc4 b5 8.Bd3 Bb7
9.O-O a6 10.a4 b4 11.Nb1 c5 12.Nbd2 Be7 13.Qe2 Qb8 14.a5 O-O 15.Re1 Nd5 16.g3 Nc7
17.Nc4 Qa7 18.Nfe5 Nf6 19.Nb6 Rad8 20.Qc2 Bd6 21.Nec4 Be7 22.Nd2 Na8 23.dxc5 Bxc5
24.Qxc5 Rxd3 25.Nd7 Qxc5 26.Nxc5 Rd7 27.Nxd7 Nxd7 28.Ra4 Nc5 29.Rxb4 Nd3
30.Rxb7 Nxe1 31.Nc4 g5 32.Bd2 Nf3+ 33.Kg2 g4 34.Bc3 f6 35.Ra7 e5 36.Nb6 Nxb6
37.axb6 Rb8 38.b7  1-0

[Event "Flamenco Veterans-Women"]
[Site "Marbella"]
[Date "1999.10.31"]
[Round "9"]
[White "Portisch, Lajos"]
[Black "Zhu Chen"]
[Result "1/2-1/2"]
[WhiteElo "2552"]
[BlackElo "2503"]

1.d4 d5 2.c4 c6 3.Nf3 Nf6 4.cxd5 cxd5 5.Nc3 Nc6 6.Bf4 Bf5 7.e3 e6 8.Bb5 Bb4
9.Ne5 Qa5 10.O-O Bxc3 11.Bxc6+ bxc6 12.bxc3 Qa6 13.g4 Bg6 14.f3 Nd7 15.Nxd7 Kxd7
16.Qb3 Rhd8 17.Rf2 Ke8 18.Rc1 Bd3 19.Qb4 Rd7 20.Rb2 f6 21.Bd6 Rad8 22.Bg3  1/2-1/2

[Event "Flamenco Veterans-Women"]
[Site "Marbella"]
[Date "1999.11.01"]
[Round "10"]
[White "Zhu Chen"]
[Black "Hort, Vlastimil"]
[Result "1/2-1/2"]
[WhiteElo "2503"]
[BlackElo "2535"]

1.d4 Nf6 2.c4 g6 3.Nc3 d5 4.Nf3 Bg7 5.Qb3 dxc4 6.Qxc4 O-O 7.e4 a6 8.e5 b5
9.Qb3 Nfd7 10.e6 fxe6 11.Be3 Nf6 12.a4 b4 13.Qxb4 Nc6 14.Qc5 Qd6 15.Bc4 Nb4
16.Rc1 Rb8 17.O-O Nbd5 18.Nxd5 Nxd5 19.b3 Nb6 20.Be2 Nd5 21.Bc4 Nb6 22.Be2 Nd5
23.Bc4  1/2-1/2

[Event "WGM"]
[Site "Groningen NED"]
[Date "1999.12.19"]
[Round "1"]
[White "Bosboom Lanchava,T"]
[Black "Zhu Chen"]
[Result "0-1"]
[WhiteElo "2297"]
[BlackElo "2503"]

1.d4 d5 2.c4 e6 3.Nc3 c6 4.Nf3 dxc4 5.a4 Bb4 6.Ne5 b5 7.e3 Nf6 8.Be2 Bb7
9.O-O Qb6 10.f4 Nbd7 11.f5 O-O 12.Nxd7 Nxd7 13.fxe6 fxe6 14.Bg4 Rae8 15.Ne4 Rxf1+
16.Qxf1 c5 17.dxc5 Nxc5 18.Nxc5 Bxc5 19.axb5 Qxb5 20.Qe1 Bb6 21.Qc3 Kh8 22.Bd2 Qg5
23.Bh3 Rd8 24.Rf1 h6 25.Kh1 Qh5 26.Kg1 Be4 27.Qb4 Qe2 28.Bc1 Bxe3+ 29.Bxe3 Qxe3+
30.Kh1 Qxh3 31.Rf8+ Kh7  0-1

[Event "WGM"]
[Site "Groningen NED"]
[Date "1999.12.20"]
[Round "2"]
[White "Khurtsidze,N"]
[Black "Zhu Chen"]
[Result "1/2-1/2"]
[WhiteElo "2472"]
[BlackElo "2503"]

1.d4 d5 2.c4 c6 3.Nc3 Nf6 4.e3 e6 5.Nf3 Nbd7 6.Qc2 Bd6 7.Bd2 a6 8.e4 dxe4
9.Nxe4 Nxe4 10.Qxe4 Nf6 11.Qc2 Qc7 12.Bd3 c5 13.dxc5 Bxc5 14.Bc3 b6 15.O-O-O Bb7
16.Kb1 O-O-O 17.Rhe1 h6 18.Ne5 Rhg8 19.f4 Kb8 20.g3 Ka7 21.a3 Rgf8 22.Ka2 Bd4
23.Bf1 Bxc3 24.Qxc3 Ne4 25.Qc2 f6 26.Nd3 Rd4 27.Nf2 Rxd1 28.Rxd1 Nxf2 29.Qxf2 Rd8
30.Rxd8 Qxd8 31.Qe2 Qd6 32.Qd3 Qxd3 33.Bxd3 Bf3 34.Kb3 e5 35.fxe5 fxe5 36.Kc3 Kb7
37.Kd2 Kc7 38.Ke3 Bg4 39.b4 a5 40.Be4 axb4 41.axb4 Kd6 42.Bd3 Bh5  1/2-1/2

[Event "WGM"]
[Site "Groningen NED"]
[Date "1999.12.21"]
[Round "3"]
[White "Zhu Chen"]
[Black "Zhukova,N"]
[Result "1-0"]
[WhiteElo "2503"]
[BlackElo "2462"]

1.d4 d5 2.c4 e6 3.Nf3 c5 4.cxd5 exd5 5.Bg5 f6 6.Bf4 Nc6 7.Nc3 g5 8.Be3 g4
9.Nh4 f5 10.g3 Bg7 11.Bf4 cxd4 12.Na4 Nge7 13.Bg2 O-O 14.O-O b6 15.Qd2 Ba6
16.Rad1 Qd7 17.b3 Rae8 18.Rfe1 Kh8 19.Nb2 Ng8 20.Rc1 Rc8 21.Nd3 Rfe8 22.Rxc6 Qxc6
23.Nb4 Qc3 24.Nxa6 Qxd2 25.Bxd2 Rc2 26.Rd1 Rxe2 27.Be1 Rxa2 28.Nb4 Rab2 29.Bxd5 Ne7
30.Bc4 Re4 31.Nd3 Ra2 32.Bb4 Bf6 33.Bxe7 Rxe7 34.Nxf5 Re8 35.Nb4 Rb2 36.Nd3 Rc2
37.Nh6 Bd8 38.Nxg4 Rf8 39.Nge5 Bc7 40.Nf7+ Kg7 41.Ng5  1-0

[Event "WGM"]
[Site "Groningen NED"]
[Date "1999.12.23"]
[Round "4"]
[White "Zhu Chen"]
[Black "Stefanova,A"]
[Result "0-1"]
[WhiteElo "2503"]
[BlackElo "2444"]

1.c4 e5 2.Nc3 Nc6 3.Nf3 f5 4.d3 Nf6 5.a3 a5 6.g3 Bc5 7.Bg2 d6 8.O-O O-O 9.e3 Qe8
10.d4 Ba7 11.b4 Qf7 12.b5 Qxc4 13.bxc6 Qxc3 14.cxb7 Bxb7 15.Bd2 Qc6 16.Qb3+ Qd5
17.Qxd5+ Bxd5 18.dxe5 dxe5 19.Bxa5 e4 20.Nd2 Bxe3 21.fxe3 Rxa5 22.Rxf5 Rfa8
23.Nb1 Rc5 24.a4 Ng4 25.Nd2 Nxe3 26.Nxe4 Rca5 27.Re5 Nxg2 28.Kxg2 Bb7 29.Re7 Kf8
30.Rxc7 Bxe4+ 31.Kh3 Kg8 32.Rf1 Bg6 33.Re1 R5a7 34.Rxa7 Rxa7 35.Ra1 Ra5 36.Kg2 Be8
37.h4 h5 38.Re1 Bxa4 39.Rc1 Bd7 40.Rc7 Bg4 41.Rc3 Ra2+ 42.Kh1 Kh7 43.Rb3 Kh6
44.Rb6+ Kh7 45.Rb3 Rc2 46.Kg1 Rd2 47.Rb4 Kg6 48.Rb6+ Kf5 49.Rb5+ Ke4 50.Rb3 Rd3  0-1

[Event "WGM"]
[Site "Groningen NED"]
[Date "1999.12.26"]
[Round "6"]
[White "Zhu Chen"]
[Black "Bosboom Lanchava,T"]
[Result "1-0"]
[WhiteElo "2503"]
[BlackElo "2297"]

1.d4 d6 2.Nf3 Nd7 3.e4 c6 4.Bc4 d5 5.exd5 Nb6 6.Bd3 Nxd5 7.Ne5 Ngf6 8.O-O g6
9.Re1 Bg7 10.c3 O-O 11.Nd2 Be6 12.h3 Qc8 13.Nb3 Bf5 14.Bf1 h5 15.Qf3 Nd7
16.Bd2 a5 17.Nxd7 Qxd7 18.Nc5 Qc8 19.Qg3 b6 20.Nd3 Nf6 21.Bf4 Ra7 22.Be5 Ne4
23.Qe3 f6 24.Bh2 Nd6 25.Nf4 e5 26.Ne2 Nc4 27.Qc1 Kh7 28.Ng3 Bh6 29.Qd1 Nd2
30.dxe5 fxe5 31.Rxe5 Bxh3 32.Bd3 Qd8 33.Bxg6+ Kxg6 34.Qxh5+ Kg7 35.Qxh3 Raf7
36.Nf5+ Kf6 37.Qxh6+  1-0

[Event "WGM"]
[Site "Groningen NED"]
[Date "1999.12.27"]
[Round "7"]
[White "Zhu Chen"]
[Black "Khurtsidze,N"]
[Result "1/2-1/2"]
[WhiteElo "2503"]
[BlackElo "2472"]

1.d4 Nf6 2.c4 e6 3.Nf3 b6 4.Nc3 Bb7 5.a3 g6 6.Qc2 c5 7.dxc5 bxc5 8.Bf4 Nh5
9.Be3 a6 10.O-O-O Qc7 11.Nd2 f5 12.f3 Nc6 13.Bf2 d6 14.Rg1 Bg7 15.g4 Nf6
16.Nb3 Ne5 17.gxf5 exf5 18.Nd2 Rb8 19.h3 f4 20.h4 O-O 21.Bh3 Rfe8 22.Rde1 Qf7
23.Nd1 a5 24.Bf1 Bc6 25.Bg2 Bd7 26.e4 a4 27.Bf1 Rb7 28.Nc3 Reb8 29.Nb5 Ne8
30.Be2 Be6 31.Qxa4 Nxc4 32.Bxc4 Bxc4 33.Qxc4 Rxb5 34.Qxf7+ Kxf7 35.b3 Bc3
36.e5 Bxe5 37.Re4 Nf6 38.Ra4 Ke6 39.Kc2 Nd5 40.Re1 Kf5 41.Ra7 R8b7 42.Ra8 Ke6
43.Ra6 Kd7 44.Re4 Nc7 45.Raa4 Ne6 46.Kd3 h5 47.Re1 Rxb3+ 48.Nxb3 Rxb3+ 49.Ke4 Rb2
50.Bg1 Rd2 51.Ra7+ Kc6 52.Re7 Nd4 53.a4 Ne2 54.Rxe5 Nxg1 55.Rxc5+ dxc5 56.Rxg1 Rd4+
57.Ke5 Rxa4 58.Rxg6+ Kb5 59.Rg5 c4 60.Kxf4+ Kb4 61.Rxh5 c3 62.Ke3 Ra2 63.Rh8 Rh2
64.f4 c2 65.Rc8 Kb3 66.Kd4 Rh1 67.f5 Rxh4+ 68.Kd5 Rf4 69.Rxc2 Kxc2 70.Ke5 Rf1
71.f6 Kd3 72.Ke6 Kd4 73.f7 Kc5 74.Ke7 Re1+ 75.Kd7  1/2-1/2

[Event "WGM"]
[Site "Groningen NED"]
[Date "1999.12.31"]
[Round "10"]
[White "Stefanova,A"]
[Black "Zhu Chen"]
[Result "1-0"]
[WhiteElo "2444"]
[BlackElo "2503"]

1.Nf3 d5 2.g3 c5 3.Bg2 Nc6 4.d4 Nf6 5.O-O e6 6.c4 dxc4 7.Qa4 Bd7 8.Qxc4 b5
9.Qd3 c4 10.Qd1 Rc8 11.Ne5 Bd6 12.Nxd7 Qxd7 13.Nc3 a6 14.d5 exd5 15.Nxd5 Nxd5
16.Qxd5 Qe6 17.Rd1 Be5 18.a4 O-O 19.axb5 axb5 20.Qxe6 fxe6 21.Bh3 Rfe8 22.f4 Bf6
23.e4 Bd4+ 24.Kf1 Kf7 25.Ra6 Red8 26.Ke2 b4 27.e5 Ke7 28.Bg2 Nb8 29.Rd6 Bc5
30.Rxd8 Rxd8 31.Be3 Rc8 32.Bxc5+ Rxc5 33.Ke3 Nd7 34.Be4 h6 35.Ra1 g5 36.Ra7 gxf4+
37.gxf4 Kd8 38.Kd4 Rc8 39.f5 c3 40.fxe6  1-0

[Event "1st Fraenkische GM"]
[Site "Pulvermuele GER"]
[Date "2000.01.12"]
[Round "1"]
[White "Zhu Chen"]
[Black "Bezold,M"]
[Result "0-1"]
[WhiteElo "2503"]
[BlackElo "2508"]

1.Nf3 c5 2.c4 Nf6 3.Nc3 e6 4.g3 a6 5.Bg2 Be7 6.O-O O-O 7.b3 d6 8.Bb2 Nc6
9.d4 cxd4 10.Nxd4 Qc7 11.Rc1 Ne5 12.Qd2 Bd7 13.h3 Rfe8 14.g4 h6 15.Rfd1 Rad8
16.Qe3 Qb8 17.a4 Ng6 18.Qg3 Qa7 19.Rb1 Qb6 20.Ba1 Bc8 21.Nc2 Rf8 22.b4 Qc7
23.Ne3 Ne8 24.b5 Bg5 25.b6 Qe7 26.Nf1 Nf6 27.Nd2 Bf4 28.Qd3 d5 29.cxd5 exd5
30.Nf3 Bb8 31.e3 Rfe8 32.Ne2 Ne4 33.Qd4 f6 34.Nc3 Nxc3 35.Bxc3 Be6 36.Qd3 Bf7
37.Nd4 Qd6 38.Nf3 Ne5 39.Nxe5 fxe5 40.Bb4 Qf6 41.Qf5 Qc6 42.Rdc1 Qxa4 43.g5 Be6
44.Qg6 Bf7 45.Qf5 Be6 46.Qg6 hxg5 47.Qxg5 Qd7 48.Rd1 Bf7 49.Bc3 Qc6 50.Ba1 Rd6
51.Kh1 Rg6 52.Qh4 e4 53.Bd4 Qd6 54.Qf4 Qe7  0-1

[Event "1st Fraenkische GM"]
[Site "Pulvermuele GER"]
[Date "2000.01.16"]
[Round "4"]
[White "Gabriel,Ch"]
[Black "Zhu Chen"]
[Result "0-1"]
[WhiteElo "2578"]
[BlackElo "2503"]

1.d4 d5 2.c4 c6 3.Nf3 Nf6 4.Nc3 dxc4 5.a4 Na6 6.e4 Bg4 7.Be3 Qa5 8.Qd2 Bxf3
9.gxf3 e5 10.dxe5 Rd8 11.Qc1 Nd7 12.f4 Ndc5 13.Bxc4 Qb4 14.Bxa6 Nb3 15.Bxb7 Qxb7
16.Qb1 Nxa1 17.Qxa1 Qa6 18.Rg1 Bb4 19.Rxg7 Qd3 20.Bxa7 Qxe4+ 21.Kf1 Bxc3
22.bxc3 c5 23.Bb6 Rd2 24.Qe1 Qh1+ 25.Rg1 Qd5  0-1

[Event "1st Fraenkische GM"]
[Site "Pulvermuele GER"]
[Date "2000.01.20"]
[Round "7"]
[White "Ibragimov,I"]
[Black "Zhu Chen"]
[Result "1-0"]
[WhiteElo "2611"]
[BlackElo "2530"]

1.d4 d5 2.c4 c6 3.Nf3 Nf6 4.Qb3 e6 5.Bg5 dxc4 6.Qxc4 b5 7.Qc2 Bb7 8.Nbd2 Nbd7
9.e3 Rc8 10.a4 a6 11.Be2 c5 12.axb5 axb5 13.d5 exd5 14.Bxb5 Qb6 15.Ba4 Bc6
16.Bxf6 Bxa4 17.Qxa4 Qxf6 18.O-O Be7 19.e4 Rd8 20.exd5 O-O 21.Ne4 Qg6 22.Nc3 Bf6
23.Rad1 Ne5 24.Nxe5 Bxe5 25.Qc4 Qh5 26.g3 Bd4 27.Kg2 Rd6 28.Ne4 Rxd5 29.Nxc5 Rxc5
30.Qxd4 Rb5 31.b4 h6 32.Rc1 Rd5 33.Qe4 Re5 34.Qf3 Qg5 35.Rfe1 Rb5 36.Rc4 Qd2
37.Re2 Qd6 38.Qf4 Qd5+ 39.Qe4 Qd6 40.Rd4 Qb8 41.h4 g6 42.Kh2 h5 43.Red2 Qb6
44.Qe7 Rf5 45.Kg1 Kg7 46.Rd5 Rf3 47.Rd6 Qb5 48.Rxg6+ Kxg6 49.Qxf8 f6 50.Qg8+ Kh6
51.Rd5  1-0

[Event "1st Fraenkische GM"]
[Site "Pulvermuele GER"]
[Date "2000.01.21"]
[Round "8"]
[White "Zhu Chen"]
[Black "Stefanova,A"]
[Result "1-0"]
[WhiteElo "2530"]
[BlackElo "2495"]

1.d4 d5 2.c4 c6 3.e3 Nf6 4.Nc3 a6 5.Bd3 b5 6.b3 Bg4 7.f3 Bh5 8.Nge2 Bg6 9.O-O e6
10.Nf4 Bd6 11.Nxg6 hxg6 12.f4 Nbd7 13.Qf3 Rb8 14.c5 Bc7 15.Ne2 a5 16.Bd2 Ng8
17.e4 f5 18.e5 Qh4 19.h3 Nh6 20.Qf2 Nf7 21.Qxh4 Rxh4 22.Be1 Rh6 23.h4 Bd8
24.g3 Rh8 25.Kg2 Nh6 26.Bd2 Ng4 27.Rh1 Bc7 28.Rh3 Ke7 29.Rah1 Ra8 30.a3 Bd8
31.Ng1 Bc7 32.Nf3 Nh6 33.Ne1 Kf7 34.h5 Nf8 35.Nf3 Ke7 36.Ng5 Nf7 37.Nxf7 Kxf7
38.g4 gxh5 39.gxf5 exf5 40.Bxf5 g6 41.Bd3 Ne6 42.Be3 Ng7 43.Kf3 Rag8 44.Bf2 Bd8
45.a4 bxa4 46.bxa4 g5 47.fxg5 Bxg5 48.Rb1 Rb8 49.Rhh1 Bd2 50.Ke2 Bc3 51.Rhf1 Ke6
52.Rg1 Kf7 53.Bg6+ Ke6 54.Bc2 Rxb1 55.Bxb1 Kf7 56.Bg6+ Ke6 57.Bc2 Kf7 58.Rg3 Bb4
59.Rf3+ Ke8 60.Bg6+ Kd8 61.Bh4+ Kc8 62.Rf7 Rg8 63.Bh7  1-0

[Event "1st Fraenkische GM"]
[Site "Pulvermuele GER"]
[Date "2000.01.22"]
[Round "9"]
[White "Hamdouchi,H"]
[Black "Zhu Chen"]
[Result "1-0"]
[WhiteElo "2513"]
[BlackElo "2530"]

1.e4 c5 2.Nf3 d6 3.c3 Nf6 4.Be2 Nbd7 5.d3 b6 6.O-O Bb7 7.Nbd2 e5 8.d4 Be7
9.Re1 O-O 10.dxc5 dxc5 11.Bc4 Qc7 12.a4 Rad8 13.Qc2 Ne8 14.Bd3 Nd6 15.Nc4 Nxc4
16.Bxc4 Nf6 17.Nd2 Ne8 18.Nf1 Nd6 19.Bd5 Bxd5 20.exd5 e4 21.Ng3 f5 22.c4 Bf6
23.Nh5 Rd7 24.Nxf6+ Rxf6 25.Bf4 Qc8 26.f3 exf3 27.gxf3 Rf8 28.Re6 Qd8 29.Kh1 Nb7
30.Rg1 Qh4 31.Be5 Nd8 32.Qg2  1-0

[Event "Schuhplattler Veterans vs Ladies"]
[Site "Munich GER"]
[Date "2000.07.05"]
[Round "2"]
[White "Smyslov,V"]
[Black "Zhu Chen"]
[Result "1/2-1/2"]
[WhiteElo "2486"]
[BlackElo "2539"]

1.e4 c5 2.c3 d5 3.exd5 Qxd5 4.d4 Nf6 5.Nf3 Bg4 6.Be2 e6 7.h3 Bh5 8.O-O Nc6
9.Be3 cxd4 10.Nxd4 Bxe2 11.Qxe2 Nxd4 12.Bxd4 Be7 13.Rd1 Qc6 14.Nd2 O-O 15.Qc4 Rfc8
16.Qxc6 Rxc6 17.Kf1 b6 18.Bxf6 gxf6 19.Nb3 Rd6 20.Rxd6 Bxd6 21.Rd1 Rd8 22.Ke2 Kf8
23.Nd4 Bc7 24.Rd3 a6 25.Nc6 Rc8 26.Rd7 Ke8 27.Rd4 h6 28.Nb4 a5 29.Nc2 Ke7
30.Rc4 f5 31.Ne3 h5 32.g3 Kd7 33.Rh4 Rh8 34.g4 f4 35.Ng2 Ke7 36.Rxh5 Rxh5
37.gxh5 Kf6 38.Kf3 Kg5 39.h6 Kxh6 40.Nxf4 Kg5 41.Ng2 f5 42.h4+ Kf6 43.Nf4 Bd8
44.c4 e5 45.Nd5+ Kg6 46.b3 Bxh4 47.Nxb6 e4+ 48.Ke3 Be7 49.Nd7 Kf7 50.c5 Ke6
51.c6 Bg5+ 52.f4 exf3 53.Kxf3 Bd8 54.Nc5+  1/2-1/2

[Event "Schuhplattler Veterans vs Ladies"]
[Site "Munich GER"]
[Date "2000.07.06"]
[Round "3"]
[White "Zhu Chen"]
[Black "Hort,V"]
[Result "1/2-1/2"]
[WhiteElo "2539"]
[BlackElo "2539"]

1.d4 d6 2.Nf3 Bg4 3.c4 c6 4.Nc3 Nd7 5.e4 e5 6.d5 Be7 7.Be2 Ngf6 8.h3 Bh5
9.Be3 O-O 10.O-O Bg6 11.Bd3 Ne8 12.g4 Nc7 13.Ne2 cxd5 14.cxd5 Nxd5 15.exd5 e4
16.Nf4 exf3 17.Bxg6 hxg6 18.Qxf3 Ne5 19.Qd1 Bg5 20.Rc1 Qf6 21.Ng2 Bxe3 22.fxe3 Qe7
23.Qc2 Qd7 24.Qc7 Rac8 25.Qxd7 Nxd7 26.Nf4 Ne5 27.b3 Rfe8 28.Kg2 g5 29.Ne2 Rxc1
30.Rxc1 Nd3 31.Rc7 Rxe3 32.Ng3 Nf4+ 33.Kh2 Rd3 34.Rxb7 Rd2+ 35.Kh1 Rd1+ 36.Kh2 Rd2+
37.Kh1 Rxd5 38.Ne4 a5 39.Rd7 Nxh3 40.Kh2 Nf4 41.Rxd6 Re5 42.Rd4 Ne6 43.Ra4 Rd5
44.Nc3 Rc5 45.Nd1 Re5 46.Kg3 g6 47.Kf3 f5 48.Ne3 Rb5 49.Kg2 Nf4+ 50.Kf3 Ne6
51.Kg2 Nf4+ 52.Kf3 Nd3 53.Ke2 Nb4 54.a3 Nd5 55.Nxd5 Rxd5 56.b4 axb4 57.axb4 Kf7
58.Ra5 Ke6 59.Ra6+ Kd7 60.Rxg6 fxg4  1/2-1/2

[Event "Schuhplattler Veterans vs Ladies"]
[Site "Munich GER"]
[Date "2000.07.07"]
[Round "4"]
[White "Korchnoi,V"]
[Black "Zhu Chen"]
[Result "0-1"]
[WhiteElo "2620"]
[BlackElo "2539"]

1.d4 d5 2.c4 c6 3.Nf3 Nf6 4.e3 e6 5.b3 Ne4 6.Bd3 Bb4+ 7.Kf1 Qe7 8.Qc2 f5
9.Bb2 Nd7 10.Nc3 O-O 11.Ne2 Bd6 12.g3 Ndf6 13.h3 dxc4 14.bxc4 c5 15.g4 b5
16.gxf5 exf5 17.d5 Bb7 18.Rg1 bxc4 19.Bxc4 Qe8 20.Nc3 Rb8 21.Nxe4 fxe4 22.Bxf6 Rxf6
23.Ng5 Bc8 24.Ne6 Qh5 25.Rxg7+ Kh8 26.Rg2 Qxh3 27.Ng5 Qh1+ 28.Rg1 Bh3+ 29.Nxh3 Qxh3+
30.Ke1 Be5 31.Rb1 Rbf8 32.Qxe4 Bc3+ 33.Ke2 Rxf2+ 34.Kd3 R2f3  0-1

[Event "Schuhplattler Veterans vs Ladies"]
[Site "Munich GER"]
[Date "2000.07.08"]
[Round "5"]
[White "Zhu Chen"]
[Black "Bouwmeester,H"]
[Result "1/2-1/2"]
[WhiteElo "2539"]
[BlackElo "2414"]

1.Nf3 Nf6 2.c4 e6 3.g3 d5 4.Bg2 dxc4 5.Qa4+ Nbd7 6.Qxc4 c5 7.O-O a6 8.Qc2 b5
9.a4 Bb7 10.axb5 axb5 11.Rxa8 Bxa8 12.Na3 b4 13.Nc4 Be7 14.d3 O-O 15.Bd2 Nb6
16.Ra1 Nfd7 17.Be3 Bd5 18.Ra7 Qb8 19.Ra5 Nxc4 20.dxc4 Bc6 21.Ra6 Bb7 22.Bf4 Qc8
23.Ra7 Nf6 24.Be5 Be4 25.Qc1 Qd8 26.Bc7 Qc8 27.Ne5 Bxg2 28.Kxg2 Ne8 29.Qf4 Nxc7
30.Nc6 Bf6 31.Rxc7 Qa8 32.b3 Bd8 33.Kh3 Bxc7 34.Qxc7 Kh8 35.Qd6 Rc8 36.Ne7 Re8
37.Qxc5 Qb7 38.Nc6 Rc8 39.Na5 Rxc5 40.Nxb7 Re5 41.e3 Rf5 42.Kg2 e5 43.c5 Rf6
44.Nd8 Ra6 45.c6 Ra7 46.Nb7 Ra6 47.Nd8 Ra7 48.Nb7 Ra6  1/2-1/2

[Event "Schuhplattler Veterans vs Ladies"]
[Site "Munich GER"]
[Date "2000.07.11"]
[Round "7"]
[White "Zhu Chen"]
[Black "Smyslov,V"]
[Result "1/2-1/2"]
[WhiteElo "2539"]
[BlackElo "2486"]

1.c4 Nf6 2.Nc3 e5 3.g3 Bb4 4.Nd5 Nxd5 5.cxd5 c6 6.e4 cxd5 7.exd5 O-O 8.Bg2 d6
9.Ne2 Bg4 10.O-O Qd7 11.d3 Na6 12.a3 Bc5 13.Be3 Rac8 14.Re1 Bxe3 15.fxe3 Nc5
16.Rc1 Qb5 17.Nc3 Qxb2 18.Qxg4 Nxd3 19.Qe2 Qxe2 20.Nxe2 Nxc1 21.Rxc1 Rxc1+
22.Nxc1 Rc8 23.Nb3 b6 24.Nd2 Kf8 25.Bf1 Rc2 26.Ne4 Ke7 27.a4 f5 28.Ng5 Rc5
29.Ne6 Rxd5 30.Nxg7 e4 31.Bb5 Rc5 32.Nh5 Rc1+ 33.Kf2 Rc2+ 34.Kg1 d5 35.Nf4 Kd6
36.Ne2 Ra2 37.Nd4 Kc5 38.h4 a6 39.Be8 Rb2 40.h5 b5 41.axb5 a5 42.b6 Rxb6
43.Nxf5 Rb8 44.Bd7 Rb4 45.g4 a4 46.Bxa4 Rxa4 47.Kf2 Kc6 48.Kg3 Kd7 49.Kf4 Ke6
50.g5 Ra1 51.Nd4+ Kf7 52.Ke5 Re1 53.Nf5 Rh1 54.g6+ hxg6 55.hxg6+ Kxg6 56.Ne7+  1/2-1/2